Counties of New England - Statistics

General Stats
  • This quiz has been taken 653 times
  • The average score is 32 of 67
Answers on the Map
Answers color-coded by a green-red scale on the quiz's map according to % correct below.
 
Answer Stats
County % Correct
Rhode Island Providence
78%
Rhode Island Washington
75%
Vermont Washington
75%
Maine Washington
75%
Massachusetts Essex
73%
Vermont Essex
73%
Connecticut Hartford
73%
Massachusetts Nantucket
71%
Connecticut New Haven
71%
Massachusetts Worcester
71%
Connecticut Middlesex
69%
Massachusetts Middlesex
69%
Massachusetts Plymouth
65%
Massachusetts Suffolk
65%
Massachusetts Franklin
61%
Vermont Franklin
61%
Maine Franklin
61%
Rhode Island Newport
59%
Massachusetts Norfolk
58%
Massachusetts Berkshire
57%
Rhode Island Bristol
57%
Massachusetts Bristol
57%
Connecticut New London
55%
Massachusetts Barnstable
54%
Connecticut Fairfield
54%
Maine Lincoln
54%
Maine York
54%
Massachusetts Hampshire
53%
Rhode Island Kent
52%
Connecticut Litchfield
51%
Maine Aroostook
47%
New Hampshire Coos
47%
Connecticut Windham
45%
Vermont Windham
45%
Massachusetts Hampden
44%
Massachusetts Dukes
43%
Connecticut Tolland
43%
Maine Oxford
42%
New Hampshire Cheshire
40%
Maine Cumberland
39%
New Hampshire Merrimack
39%
Vermont Rutland
39%
New Hampshire Grafton
37%
Vermont Windsor
37%
Maine Penobscot
36%
Maine Somerset
36%
Vermont Bennington
35%
Vermont Grand Isle
35%
Vermont Orange
35%
New Hampshire Rockingham
35%
New Hampshire Belknap
34%
Maine Hancock
34%
Maine Androscoggin
33%
Vermont Chittenden
33%
New Hampshire Hillsborough
33%
Vermont Addison
32%
New Hampshire Carroll
32%
Maine Waldo
32%
Vermont Lamoille
30%
New Hampshire Sullivan
30%
Maine Kennebec
29%
Maine Knox
29%
Maine Piscataquis
29%
New Hampshire Strafford
29%
Vermont Orleans
28%
Vermont Caledonia
27%
Maine Sagadahoc
27%
No matching quizzes found
Score Distribution
Percent of People with Each Score
Percentile by Number Answered
Your Score History
You have not taken this quiz